| 000 | 00590nam a2200181 i 4500 | ||
|---|---|---|---|
| 001 | 44381 | ||
| 003 | ES-MaACL | ||
| 005 | 20250930063048.0 | ||
| 007 | t| | ||
| 008 | 030321s1954 sp ||||1| spa d | ||
| 100 | 1 |
_aClarasó, Noel, _d1899-1985 _939003 |
|
| 245 | 1 | 4 |
_aLos jardines miniatura con noticia de los árboles enanos del Japón _b: seguido de un apéndice... / _cNoel Clarasó. |
| 260 |
_aBarcelona : _bFama, _c1954. |
||
| 300 |
_a169 p., 4 lám. : _bil. ; _c22 cm. |
||
| 650 | 0 | 4 |
_aJardinería. _9136318 |
| 852 |
_aES-MaACL _jC-9096 _bR.37172 |
||
| 999 |
_c44381 _d44381 |
||